Fertilization increases growth of thinned and nonthinned upland oak stands in the Boston Montains of Arkansas /

Bibliographic Details
Main Author: Graney, D. L.
Corporate Authors: United States. Southern Forest Experiment Station, New Orleans, La, United States. Forest Service
Other Authors: Pope, P. E.
Format: Government Document Book
Language:English
Published: New Orleans, La. : Dept. of Agriculture, Forest Service, Southern Forest Experiment Station, 1978.
Series:USDA Forest Service research note SO ; 243
Subjects:

MARC

Tag First Indicator Second Indicator Subfields
LEADER 00000cam a2200000 i 4500
001 in00000807621
005 20151017092529.0
008 790301s1978 lauab b f00010 eng d
010 |a gp 79009462  
020 |c pbk. 
035 |a (OCoLC)04725719 
035 |9 ADS8173AM 
037 |b 70113 
040 |a GPO  |c GPO  |d UtOrBLW 
043 |a n-us-ar 
074 |a 83-B 
086 |a A 13.79:SO-243 
100 1 |a Graney, D. L. 
245 1 0 |a Fertilization increases growth of thinned and nonthinned upland oak stands in the Boston Montains of Arkansas /  |c D. L. Graney and P. E. Pope. 
264 1 |a New Orleans, La. :  |b Dept. of Agriculture, Forest Service, Southern Forest Experiment Station,  |c 1978. 
300 |a 4 pages :  |b illustrations, map ;  |c 27 cm. 
336 |a text  |b txt  |2 rdacontent 
337 |a unmediated  |b n  |2 rdamedia 
338 |a volume  |b nc  |2 rdacarrier 
490 1 |a USDA Forest Service research note SO ; 243 
504 |a Bibliography: page 4. 
650 0 |a Forest thinning. 
650 0 |a Oak. 
700 1 |a Pope, P. E. 
710 1 |a United States.  |b Southern Forest Experiment Station, New Orleans, La. 
710 1 |a United States.  |b Forest Service. 
810 1 |a United States.  |b Southern Forest Experiment Station, New Orleans, La.  |t USDA Forest Service research note SO ;  |v 243. 
999 |a MARS 
999 f f |s 51c50ce5-78e5-3e12-b0f7-86cc6652e113  |i 2ac3300e-3080-3999-ae17-36a55e4249c7  |t 0 
952 f f |p normal  |a Texas A&M University  |b College Station  |c Sterling C. Evans Library  |d Evans: US Documents (Annex 5th floor)  |t 0  |e A 13.79: SO-243  |h Superintendent of Documents classification  |i unmediated -- volume  |m A14812801702 
998 f f |a A 13.79: SO-243  |t 0  |l Evans: US Documents (Annex 5th floor)